| Поле | Инд. | ПП | Название | Значение |
|---|---|---|---|---|
| Тип записи | a | |||
| Библиографический уровень | b | |||
| 001 | Контрольный номер | RU/IS/BASE/247249548 | ||
| 005 | Дата корректировки | 20220905145144.9 | ||
| 008 | Кодируемые данные | 20071101 | ||
| 040 | b | Код языка каталог. | rus | |
| e | Правила каталог. | PSBO | ||
| 041 | 0_ | a | Код языка текста | rus |
| 084 | a | Индекс другой классификации/Индекс ББК | 63.3(2)614-361 | |
| 100 | 1_ | a | Автор | Лютов Л. Н. |
| q | Полное имя | Лютов Лев Николаевич | ||
| 245 | 10 | a | Заглавие | Политические настроения провинциальной интеллигенции в освещении ОГПУ. 1928-1929 гг. |
| 504 | a | Библиография | Лит. в примеч. в конце статьи | |
| 520 | a | Аннотация | "В статье использованы материалы Ульяновского округа ОГПУ. Из них следует, что репрессивные меры, проведенные в годы слома нэпа, такие как Шахтинское дело, Дело профессоров Казанского университета, кампания по распространению 2-го Займа индустриализации, насаждение социалистического соревнования, начавшаяся коллективизация и др. вызывают оппозиционные настроения старой провинциальной интеллигенции к курсу правящей партии." | |
| 650 | a | Основная рубрика | внутренняя политика | |
| a | Основная рубрика | история | ||
| 653 | 1_ | a | Ключевые слова | XX век |
| a | Ключевые слова | антисоветские настроения | ||
| a | Ключевые слова | интеллигенция | ||
| a | Ключевые слова | Объединенное государственное политическое управление (ОГПУ) | ||
| a | Ключевые слова | партийно-политическая власть | ||
| a | Ключевые слова | политическая неблагонадежность | ||
| a | Ключевые слова | политические настроения | ||
| a | Ключевые слова | политические репрессии | ||
| a | Ключевые слова | Россия | ||
| a | Ключевые слова | советский период | ||
| a | Ключевые слова | социальная напряженность | ||
| a | Ключевые слова | СССР | ||
| 773 | 0_ | t | Заглавие источника | Вопросы истории |
| d | Дата издания источника | 2007 | ||
| g | Прочая информация | № 6. - С. 107 - 119 | ||
| w | Контрольный № источника | RU/IS/BASE/236267100 | ||
| 901 | t | Тип документа | b |